[Event "AUTO-OPEN-1556"]
[Site "http://www.queenalice.com/game.php?id=589479"]
[Date "2009.5.17"]
[Round "1"]
[White "kasper09"]
[Black "phystutordotcom"]
[Result "0-1"]
[WhiteElo "1922"]
[BlackElo "2132"]

1. d4 d6 2. e4 Nf6 3. Nc3 e5 4. Nf3 Nbd7 5. Bc4 Be7 6. O-O O-O 7. Re1 c6 8. a4
b6 9. d5 Bb7 10. dxc6 Bxc6 11. Nd5 Nxd5 12. Bxd5 Bxd5 13. Qxd5 Qc7 14. c3 Nf6
15. Qd3 Rac8 16. Bd2 Rfd8 17. Ng5 d5 18. Rad1 h6 19. Nh3 dxe4 20. Qg3 Rd3 21.
Re3 Rcd8 22. Rxd3 exd3 23. f4 e4 24. Be3 Nd5 25. Bf2 e3 26. Bxe3 Nxe3 27. Qxe3
Bc5 28. Qxc5 bxc5 29. g3 c4 30. Nf2 Re8 31. Kf1 Re2 32. Re1 Rxe1+ 33. Kxe1 Qb6
34. Nd1 Qg1+ 0-1

[Event "AUTO-OPEN-1556"]
[Site "http://www.queenalice.com/game.php?id=589480"]
[Date "2009.5.17"]
[Round "1"]
[White "phystutordotcom"]
[Black "kasper09"]
[Result "1/2-1/2"]
[WhiteElo "2132"]
[BlackElo "1908"]

1. Nf3 d5 2. d3 Nc6 3. Nbd2 e5 4. e4 Nf6 5. Be2 Bc5 6. O-O O-O 7. c3 d4 8. Nc4
Re8 9. b4 Bd6 10. b5 Nb8 11. cxd4 Nbd7 12. Nxd6 cxd6 13. d5 Nc5 14. Be3 b6 15.
Nd2 Qc7 16. f3 Bd7 17. d4 exd4 18. Bxd4 Qd8 19. a4 a6 20. Nc4 Bc8 21. Bxf6 gxf6
22. Ne3 Kh8 23. bxa6 Bxa6 24. Bxa6 Rxa6 25. Nf5 Qd7 26. Qd2 Rg8 27. Qh6 Rg6 28.
Qf8+ Rg8 29. Qh6 Rg6 30. Qf8+ Rg8 1/2-1/2

[Event "Challenge"]
[Site "http://www.queenalice.com/game.php?id=599461"]
[Date "2009.6.6"]
[Round "-"]
[White "Imbolt1"]
[Black "kasper09"]
[Result "0-1"]
[WhiteElo "1794"]
[BlackElo "1874"]

1. e4 e5 2. b3 Nf6 3. d3 Bc5 4. Be3 Bxe3 5. fxe3 d5 6. h3 O-O 7. Nd2 Nc6 8. a3
Be6 9. exd5 Nxd5 10. Ne4 Nxe3 11. Qe2 Qd4 12. c3 Qb6 13. Rb1 Nxf1 14. Qxf1 f5
15. Nd2 Rad8 16. b4 Qb5 17. d4 Qxf1+ 18. Kxf1 e4 19. Ne2 e3 20. Nf3 Bc4 21. g3
Bxe2+ 22. Kxe2 Rde8 23. Rhe1 f4 24. g4 h6 25. h4 Ne7 26. Ne5 Nc6 27. Ng6 Rf6 28.
h5 f3+ 29. Kf1 e2+ 30. Kf2 Re4 31. Rg1 Ne7 32. Nxe7+ Rxe7 33. Rbe1 g6 34. Rg3
Ref7 35. hxg6 Rxg6 36. Rxf3 Rxg4 37. Rxf7 Kxf7 38. Rxe2 h5 39. Re3 h4 40. a4
Rf4+ 41. Kg2 Rg4+ 42. Kh3 Rg3+ 43. Rxg3 hxg3 44. Kxg3 Ke6 45. Kf3 Kd5 46. c4+
Kxc4 47. Ke4 Kxb4 48. d5 Kxa4 49. Kd4 Kb5 50. Ke5 a5 51. Kd4 Kb4 52. Ke5 a4 53.
Ke6 a3 54. Kd7 a2 55. Kxc7 a1=Q 56. d6 Qg7+ 57. d7 Kc5 58. Kc8 Qxd7+ 59. Kxd7 b5
60. Ke6 b4 61. Ke5 b3 62. Ke4 b2 0-1

[Event "blancsE4"]
[Site "http://www.queenalice.com/game.php?id=609491"]
[Date "2009.6.27"]
[Round "-"]
[White "khran"]
[Black "kasper09"]
[Result "1-0"]
[WhiteElo "1850"]
[BlackElo "1938"]

1. e4 g6 2. d4 Bg7 3. Nf3 d6 4. Be2 e6 5. Be3 Nd7 6. Nbd2 Ne7 7. c3 a6 8. O-O b6
9. Ng5 h6 10. Nh3 Bb7 11. Qb3 Qc8 12. Rac1 g5 13. f4 d5 14. fxg5 hxg5 15. Nxg5
Nf8 16. Rxf7 Bf6 17. Rxf6 Ng8 18. Rf2 Qd7 19. Rcf1 Ng6 20. Rf7 N8e7 21. R1f6
O-O-O 22. Nxe6 Rdg8 23. Ng7 Qd8 24. Bg4+ Kb8 25. Bf3 Bc8 26. exd5 Rf8 27. d6
Rxf7 28. Rxf7 Qxd6 29. Nf1 Bd7 30. Bg5 Be6 31. Nxe6 1-0

[Event "Challenge"]
[Site "http://www.queenalice.com/game.php?id=610394"]
[Date "2009.6.28"]
[Round "-"]
[White "talisman77"]
[Black "kasper09"]
[Result "0-1"]
[WhiteElo "1755"]
[BlackElo "1849"]

1. d4 d5 2. c4 c6 3. Nc3 Nf6 4. Nf3 e6 5. c5 Nbd7 6. e3 Be7 7. Be2 O-O 8. O-O
Qc7 9. Bd3 e5 10. dxe5 Nxe5 11. Nxe5 Qxe5 12. Be2 Bxc5 13. Na4 Bd6 14. Nc3 Qxh2#
0-1

[Event "Challenge"]
[Site "http://www.queenalice.com/game.php?id=630708"]
[Date "2009.8.4"]
[Round "-"]
[White "chrysos101"]
[Black "kasper09"]
[Result "0-1"]
[WhiteElo "1975"]
[BlackElo "1911"]

1. d4 d5 2. c4 c6 3. Nc3 Nf6 4. Bf4 e6 5. e3 Nbd7 6. Nf3 Be7 7. Bd3 O-O 8. c5
Re8 9. O-O Bxc5 10. dxc5 e5 11. Bg5 e4 12. Nxe4 dxe4 13. Bc4 exf3 14. Qxf3 Ne5
15. Qf4 Nxc4 16. Qxc4 Be6 17. Qc2 Qd5 18. Bxf6 gxf6 19. b3 Qg5 20. Rad1 Bh3 21.
f4 Qg7 22. Rf3 Bg4 23. Rg3 Kh8 24. Re1 f5 25. Qf2 Qf6 26. h3 Bh5 27. Rg5 Bg6 28.
h4 h6 29. Rg3 Bh5 30. b4 a5 31. Rb1 axb4 32. Rxb4 Qa1+ 33. Kh2 Rxa2 34. Qg1
Qxg1+ 35. Kxg1 Rc2 36. Rxb7 Rxc5 37. Rb4 Rb5 38. Rc4 c5 39. e4 Rxe4 40. Rc1 Rxf4
41. Rd1 Bxd1 0-1

[Event "QA-ANNIV-05"]
[Site "http://www.queenalice.com/game.php?id=654418"]
[Date "2009.9.18"]
[Round "2"]
[White "markus765432"]
[Black "kasper09"]
[Result "1/2-1/2"]
[WhiteElo "2102"]
[BlackElo "1894"]

1. d4 d5 2. c4 c6 3. e3 Nf6 4. Nf3 e6 5. Nc3 Nbd7 6. Bd3 dxc4 7. Bxc4 b5 8. Be2
Bb7 9. O-O a6 10. a3 c5 11. dxc5 Bxc5 12. b4 Be7 13. Bb2 O-O 14. Qb3 Rc8 15.
Rfd1 Nd5 16. Nd4 Nxc3 17. Bxc3 Bd5 18. Qb2 Bf6 19. Rac1 Nb6 20. Nxb5 axb5 21.
Bxf6 Qxf6 22. Qxf6 gxf6 23. Bxb5 Rxc1 24. Rxc1 Rc8 25. Rxc8+ Nxc8 26. a4 Nd6 27.
Be2 Bc4 28. Kf1 Kf8 29. a5 Bxe2+ 30. Kxe2 Ke7 31. a6 Nb5 32. Kd3 Kd6 33. Kc4 Kc6
34. h4 Kb6 35. g4 Kxa6 36. Kc5 Nc3 37. Kc6 Nd5 38. Kd7 f5 39. g5 Kb5 40. Ke8 f6
41. gxf6 Nxf6+ 42. Kf7 Ng4 43. Kxe6 Nh6 44. Kf6 Kxb4 45. f3 Kc4 46. Kg5 Nf7+ 47.
Kxf5 Kd3 48. Kf6 Nd8 49. Kg7 Kxe3 50. Kxh7 Kxf3 51. h5 Nf7 52. Kg6 Kg4 53. Kxf7
Kxh5 54. Kf6 Kh6 1/2-1/2

[Event "Challenge"]
[Site "http://www.queenalice.com/game.php?id=675572"]
[Date "2009.10.31"]
[Round "-"]
[White "ORNELAS"]
[Black "kasper09"]
[Result "1-0"]
[WhiteElo "1629"]
[BlackElo "1904"]

1. d4 Nf6 2. Nf3 g6 3. c3 Bg7 4. Bg5 O-O 5. Nbd2 d6 6. g3 Nc6 7. Bg2 Re8 8. O-O
e5 9. dxe5 Nxe5 10. Nxe5 Rxe5 11. Nf3 Re8 12. e3 1-0

[Event "Challenge"]
[Site "http://www.queenalice.com/game.php?id=681465"]
[Date "2009.11.11"]
[Round "-"]
[White "ORNELAS"]
[Black "kasper09"]
[Result "0-1"]
[WhiteElo "1772"]
[BlackElo "1875"]

1. e4 e5 2. Qh5 Nc6 3. Bc4 g6 4. Qf3 Nf6 5. d3 Bg7 6. c3 O-O 7. Bg5 d6 8. Nd2
Qe7 9. Bd5 Be6 10. Nh3 Bxd5 11. b4 Be6 12. O-O a6 13. Qg3 h6 14. Bh4 g5 15. Nxg5
hxg5 16. Bxg5 Rad8 17. Nf3 Bg4 18. Nh4 d5 19. Nf5 Bxf5 20. Bh6 Nh5 21. Qg5 Qxg5
22. Bxg5 f6 23. exf5 fxg5 24. Rae1 Nf4 25. a3 Nxd3 26. Re3 e4 27. g4 Bxc3 28.
Rh3 Nf4 29. Rxc3 Ne2+ 30. Kh1 Nxc3 31. h3 d4 32. Kg2 d3 33. Rc1 d2 34. Rxc3 d1=Q
35. Re3 Nd4 36. Rg3 Ne2 37. Kh2 Rd3 38. Rg2 Nf4 39. Rg1 Rxh3# 0-1

[Event "Challenge"]
[Site "http://www.queenalice.com/game.php?id=724720"]
[Date "2010.2.2"]
[Round "-"]
[White "bukbuk"]
[Black "kasper09"]
[Result "1-0"]
[WhiteElo "2230"]
[BlackElo "1887"]

1. e4 e5 2. Nf3 Nc6 3. Bb5 a6 4. Bxc6 dxc6 5. Nxe5 Qd4 6. Nf3 Qxe4+ 7. Qe2 Qxe2+
8. Kxe2 Nf6 9. Re1 Be7 10. Kf1 Be6 11. d3 Rd8 12. Nc3 O-O 13. Ng5 Bd6 14. Rxe6
fxe6 15. Nxe6 Bxh2 16. g3 Ng4 17. Nxd8 Rxd8 18. Kg2 Re8 19. Ne4 Rf8 20. Bf4 h5
21. f3 Bxg3 22. Kxg3 Nf6 23. Bxc7 Nxe4+ 24. fxe4 Rf7 25. Bb6 Rf6 26. Bd4 Rg6+
27. Kh3 Rd6 28. Bc3 b5 29. Kh4 g6 30. b4 Rd7 31. Kg5 Kh7 32. Rf1 Rc7 33. Rf8 Rg7
34. e5 Rg8 35. Rf7+ Rg7 36. e6 Rxf7 37. exf7 1-0

[Event "Challenge"]
[Site "http://www.queenalice.com/game.php?id=724721"]
[Date "2010.2.2"]
[Round "-"]
[White "kasper09"]
[Black "bukbuk"]
[Result "0-1"]
[WhiteElo "1885"]
[BlackElo "2243"]

1. d4 d5 2. c4 e6 3. Nc3 c6 4. e3 Nf6 5. Nf3 Bb4 6. Bd3 Bxc3+ 7. bxc3 O-O 8. O-O
Nbd7 9. Qc2 Re8 10. cxd5 exd5 11. c4 dxc4 12. Bxc4 Nb6 13. Bb3 Be6 14. Bb2 Bd5
15. Bxd5 cxd5 16. Ne5 Rc8 17. Qb3 Ne4 18. Rad1 f6 19. f3 Nd6 20. Ng4 Nbc4 21.
Rfe1 Qd7 22. Ba3 Nb5 23. Bb2 a5 24. a4 Nxb2 25. Qxb2 Nc3 26. Ra1 Rc4 27. Qb3
Rec8 28. Nf2 Rb4 29. Qc2 Nxa4 30. Qd1 b6 31. Nd3 Nc3 32. Qd2 Rbc4 33. Nb2 Rb4
34. Nd3 Rb5 35. Rec1 Rb3 36. e4 dxe4 37. fxe4 Qxd4+ 38. Kh1 a4 39. Rc2 Rd8 40.
Rxc3 Rxc3 41. Qa2+ Qc4 42. Qxc4+ Rxc4 43. Nb2 Rxe4 44. h3 b5 45. Kh2 Rd2 46. Rb1
Ree2 47. Rg1 Rxb2 0-1

[Event "Challenge"]
[Site "http://www.queenalice.com/game.php?id=735641"]
[Date "2010.2.21"]
[Round "-"]
[White "colatina"]
[Black "kasper09"]
[Result "0-1"]
[WhiteElo "1566"]
[BlackElo "1883"]

1. e4 c5 2. c3 d5 3. f3 dxe4 4. fxe4 e6 5. e5 Nc6 6. Bb5 Qh4+ 7. Kf1 Qf4+ 8. Qf3
Qxf3+ 9. Nxf3 Bd7 10. d4 f6 11. Na3 O-O-O 12. g4 a6 13. Bxc6 Bxc6 14. Ke2 cxd4
15. cxd4 Bb4 16. Bf4 g5 17. Be3 h5 18. exf6 Bxf3+ 19. Kxf3 Nxf6 20. Bxg5 hxg4+
21. Ke3 Nd5+ 22. Ke4 Rdg8 23. Rac1+ Kb8 24. Bf4+ Nxf4 25. Kxf4 Bd2+ 26. Ke5 Bxc1
27. Rxc1 Rxh2 28. Nc4 g3 29. Nd2 g2 30. Nf3 Rh1 31. Ng1 Rf8 32. Rc2 Rxg1 33.
Kxe6 Re1+ 34. Kd6 g1=Q 0-1

[Event "Challenge"]
[Site "http://www.queenalice.com/game.php?id=747576"]
[Date "2010.3.17"]
[Round "-"]
[White "Thanasis"]
[Black "kasper09"]
[Result "0-1"]
[WhiteElo "1648"]
[BlackElo "1884"]

1. e4 d6 2. d4 g6 3. Nf3 Bg7 4. Nc3 Nd7 5. Be2 h6 6. Be3 e6 7. O-O Ne7 8. Rb1 a6
9. a4 Nf6 10. b4 d5 11. e5 Ng4 12. b5 Nxe3 13. fxe3 Nf5 14. Qd2 h5 15. h4 Bh6
16. Nd1 b6 17. g3 Nxg3 18. Rf2 Ne4 19. Qe1 Nxf2 20. Qxf2 g5 21. Nc3 g4 22. Nd2
Qe7 23. bxa6 Bxa6 24. Nb5 Rg8 25. Qf6 Bxe3+ 26. Kf1 Bxd2 27. Qxe7+ Kxe7 28. Nxc7
Bxe2+ 29. Kxe2 Rac8 30. Kxd2 Rxc7 31. Rxb6 g3 32. Rb1 g2 33. Rg1 Rc4 34. a5
Rxd4+ 35. Ke3 Rxh4 0-1

[Event "QA-ANNIV-05"]
[Site "http://www.queenalice.com/game.php?id=758931"]
[Date "2010.4.10"]
[Round "4"]
[White "thw"]
[Black "kasper09"]
[Result "0-1"]
[WhiteElo "1879"]
[BlackElo "1891"]

1. c4 Nf6 2. d4 g6 3. Nc3 Bg7 4. e4 d6 5. Be3 O-O 6. Qd2 e5 7. d5 Nbd7 8. Be2
Nc5 9. Bxc5 dxc5 10. h3 a6 11. Nf3 Re8 12. O-O b6 13. Qe3 h6 14. a3 g5 15. Nh2
Nh7 16. Qg3 f5 17. exf5 Bxf5 18. Bh5 Re7 19. Rfe1 Nf6 20. Bf3 e4 21. Bg4 Nxg4
22. Nxg4 Bxg4 23. hxg4 Be5 24. Qh3 Kg7 25. Rxe4 Qd6 26. Rae1 Rae8 27. Qe3 Kg6
28. f3 Bd4 0-1

[Event "QA-ANNIV-05"]
[Site "http://www.queenalice.com/game.php?id=793722"]
[Date "2010.6.23"]
[Round "5"]
[White "kasper09"]
[Black "HelderNanques"]
[Result "0-1"]
[WhiteElo "1907"]
[BlackElo "2080"]

1. e4 e6 2. d4 d5 3. Nc3 Nf6 4. Bg5 c5 5. e5 h6 6. Be3 cxd4 7. Bxd4 Nfd7 8. Nf3
Nc6 9. Bb5 Nxd4 10. Qxd4 a6 11. Bd3 Qb6 12. Qxb6 Nxb6 13. a3 Be7 14. O-O O-O 15.
Nd4 Bd7 16. f4 Rac8 17. Kh1 Nc4 18. Bxc4 Rxc4 19. Rad1 Bxa3 20. bxa3 Rxc3 21.
Rd3 Rfc8 22. Rxc3 Rxc3 23. Rf3 Rxf3 24. Nxf3 Kf8 25. Kg1 Ba4 26. c3 Ke8 27. Kf2
Kd7 28. Nd4 Kc7 29. Ke3 Bd7 30. g4 Kb6 31. f5 Ka5 32. Nb3+ Kb5 33. Nd4+ Ka4 34.
h4 g5 35. hxg5 hxg5 36. Kd3 Kxa3 37. c4 dxc4+ 38. Kxc4 a5 39. Kc5 Kb2 40. fxe6
Bxe6 41. Nxe6 fxe6 42. Kb5 b6 43. Ka4 Kc3 44. Ka3 b5 45. Ka2 b4 46. Ka1 Kc2 47.
Ka2 b3+ 48. Ka1 b2+ 0-1

[Event "Challenge"]
[Site "http://www.queenalice.com/game.php?id=833579"]
[Date "2010.9.16"]
[Round "-"]
[White "filomenos"]
[Black "kasper09"]
[Result "1-0"]
[WhiteElo "1860"]
[BlackElo "1898"]

1. d4 d6 2. g3 g6 3. Bg2 Bg7 4. Nf3 Nd7 5. O-O h6 6. c3 e6 7. Bf4 Ne7 8. Nbd2 a6
9. e4 b6 10. Re1 Bb7 11. e5 d5 12. Nb3 c5 13. Qc2 c4 14. Nbd2 g5 15. Be3 Nf5 16.
b3 g4 17. bxc4 gxf3 18. Bxf3 Nxe3 19. Rxe3 O-O 20. cxd5 Bxd5 21. Ne4 Bxe4 22.
Bxe4 Rb8 23. Qd3 b5 24. a3 f5 25. exf6 Nxf6 26. Bg2 Rb6 27. Qg6 Qe8 28. Qd3 Ng4
29. Re2 Qf7 30. Rf1 Qh5 31. h3 Nf6 32. Re5 Qf7 33. Rc5 Nd5 34. Bxd5 exd5 35. f4
Re8 36. Qf3 Rd6 37. Qg4 Rg6 38. Qf3 Re4 39. f5 Rf6 40. g4 Bf8 41. Rc8 Qd7 42.
Ra8 Qg7 43. Rd8 h5 44. Rxd5 hxg4 45. Qxe4 gxh3+ 46. Kh2 Bd6+ 47. Rxd6 Qc7 48.
Qe8+ Kh7 49. Qh5+ 1-0

[Event "Challenge"]
[Site "http://www.queenalice.com/game.php?id=833581"]
[Date "2010.9.16"]
[Round "-"]
[White "kasper09"]
[Black "filomenos"]
[Result "0-1"]
[WhiteElo "1898"]
[BlackElo "1824"]

1. d4 d5 2. Nf3 g6 3. e3 Bg7 4. Bd3 Nf6 5. Nbd2 O-O 6. c3 Bg4 7. c4 c6 8. Qb3
Qc7 9. O-O Nbd7 10. e4 Bxf3 11. Nxf3 dxe4 0-1

[Event "QA-ANNIV-05"]
[Site "http://www.queenalice.com/game.php?id=841288"]
[Date "2010.10.3"]
[Round "6"]
[White "kasper09"]
[Black "Canaye"]
[Result "1-0"]
[WhiteElo "1879"]
[BlackElo "1963"]

1. Nf3 e6 2. g3 d5 3. Bg2 d4 4. d3 c5 5. O-O Nf6 6. Nbd2 Nc6 7. e4 b5 8. e5 Nd7
9. Re1 Rb8 10. c3 Qc7 11. cxd4 cxd4 12. Ne4 Ndxe5 13. Nxe5 Nxe5 14. Bf4 Bd6 15.
Nxd6+ Qxd6 16. Bxe5 Qb6 17. Bxb8 Qxb8 18. Bc6+ Ke7 19. Qg4 g6 20. Qxd4 Rd8 21.
Qh4+ Kf8 22. Qxd8+ 1-0

[Event "QA-ANNIV-05"]
[Site "http://www.queenalice.com/game.php?id=885890"]
[Date "2011.1.13"]
[Round "7"]
[White "pgrzelak"]
[Black "kasper09"]
[Result "1/2-1/2"]
[WhiteElo "1878"]
[BlackElo "1880"]

1. d4 Nf6 2. Nc3 d5 3. Nf3 Bf5 4. e3 e6 5. a3 Bd6 6. Bd3 Bxd3 7. cxd3 O-O 8. e4
dxe4 9. dxe4 Be7 10. O-O c6 11. Be3 Qc7 12. e5 Nd5 13. Qe2 Nxe3 14. Qxe3 Nd7 15.
Rad1 Nb6 16. Qd3 Nd5 17. b4 b5 18. Ne4 Nf4 19. Qd2 Nd5 20. Nc3 Rad8 21. Ne4 f5
22. Nc5 Bxc5 23. bxc5 Qe7 24. Rb1 Rb8 25. Rb3 a6 26. Qg5 h6 27. Qxe7 Nxe7 28.
Nd2 Nd5 29. g3 a5 30. Rfb1 a4 31. Rd3 g5 32. h3 Kh7 33. Nf1 f4 34. g4 b4 35.
axb4 Rxb4 36. Rxb4 Nxb4 37. Ra3 Ra8 38. Nd2 Nc2 39. Ra2 Nb4 40. Ra3 Nc2 41. Ra2
Nb4 42. Ra3 1/2-1/2

[Event "QA-ANNIV-05"]
[Site "http://www.queenalice.com/game.php?id=921171"]
[Date "2011.4.3"]
[Round "8"]
[White "kasper09"]
[Black "bananaman"]
[Result "0-1"]
[WhiteElo "1880"]
[BlackElo "2076"]

1. Nf3 g6 2. g3 Bg7 3. Bg2 d6 4. O-O Nf6 5. d4 Na6 6. c4 O-O 7. Nc3 c5 8. d5 Nc7
9. a4 e5 10. e4 Nfe8 11. Bg5 f6 12. Bd2 h6 13. Ne1 f5 14. Nd3 Nf6 15. h3 a6 16.
f4 Qe7 17. Qe2 Bd7 18. b4 cxb4 19. Nxb4 exf4 20. Bxf4 Nh5 21. Rac1 Bd4+ 22. Kh2
Nxf4 23. gxf4 Ne8 24. Qd3 Bc5 25. Nc2 Nf6 26. Rce1 Qg7 27. Bf3 Rae8 28. e5 dxe5
29. fxe5 Ne4 30. Bxe4 Qxe5+ 31. Qg3 Bd6 32. Qxe5 Bxe5+ 33. Kg2 Bxc3 34. Re3 Rxe4
35. Rxc3 Bxa4 36. Nb4 b5 37. Nxa6 Rxc4 38. Rxc4 bxc4 39. Rc1 Rd8 40. Nb4 Bb3 41.
Kf3 Kf7 42. Kf4 Kf6 43. Re1 g5+ 44. Kf3 c3 45. Re6+ Kg7 46. Re7+ Kg6 47. Re6+
Kh5 48. Rc6 c2 49. Rxc2 Bxc2 50. Nxc2 Rxd5 51. Ne3 Rd3 52. Ke2 Rxe3+ 53. Kxe3
Kh4 54. Kf3 Kxh3 55. Kf2 Kh2 56. Kf3 h5 57. Kf2 g4 58. Kf1 g3 59. Ke2 g2 0-1

[Event "QA-ANNIV-05"]
[Site "http://www.queenalice.com/game.php?id=953495"]
[Date "2011.6.24"]
[Round "9"]
[White "kasper09"]
[Black "Don_Mutreta"]
[Result "1-0"]
[WhiteElo "1872"]
[BlackElo "1882"]

1. d4 e6 2. c4 Nf6 3. Nc3 Bb4 4. e3 Bxc3+ 5. bxc3 O-O 6. Bd3 d5 7. Nf3 h6 8. O-O
c6 9. cxd5 cxd5 10. Ba3 Re8 11. Ne5 Nbd7 12. Bb5 a6 13. Bxd7 Nxd7 14. Nxd7 Bxd7
15. Rb1 Bb5 16. Re1 Qc7 17. Qc2 Qc4 18. Qb3 Rab8 19. Bd6 Rbc8 20. Bb4 Qxb3 21.
axb3 Rc6 22. Rbc1 b6 23. Ba3 Rec8 24. Bb2 a5 25. f3 f5 26. e4 fxe4 27. fxe4 dxe4
28. Rxe4 Bd3 29. Re3 Bf5 30. h3 h5 31. Re5 g6 32. c4 Rd8 33. Kf2 Kf7 34. Kf3 h4
35. Kf4 Rh8 36. Re3 Rh5 37. d5 exd5 38. cxd5 Rxc1 39. Bxc1 Rh8 40. d6 Rd8 41.
Re7+ Kf8 42. Ke5 Rd7 43. Bh6+ Kg8 44. Re8+ Kf7 45. Rf8# 1-0

[Event "QA-ANNIV-05"]
[Site "http://www.queenalice.com/game.php?id=983050"]
[Date "2011.9.9"]
[Round "10"]
[White "Buuuu"]
[Black "kasper09"]
[Result "0-1"]
[WhiteElo "2110"]
[BlackElo "1888"]

1. e4 c5 2. Nf3 d6 3. d4 cxd4 4. Nxd4 Nf6 5. Nc3 g6 6. Be3 Bg7 7. f3 O-O 8. Qd2
Nc6 9. O-O-O d5 10. Kb1 Rb8 11. Ndb5 a6 12. Na7 e6 13. Qf2 Re8 14. Bc4 Qe7 15.
Bb3 Na5 16. Bc5 Qd7 17. exd5 Nxd5 18. Nxd5 exd5 19. Rxd5 Qc7 20. Bb6 Qe7 21.
Nxc8 Rbxc8 22. Bxa5 Qf6 23. c4 Re3 24. Rhd1 b6 25. Bb4 Rce8 26. Qc2 Re2 27. R5d2
Re1 28. Bc3 Qe7 29. Bxg7 Kxg7 30. Rxe1 Qxe1+ 31. Rd1 Qe2 32. Qxe2 Rxe2 33. Rd6
Rxg2 34. Rxb6 Rxh2 35. Rxa6 h5 36. c5 Re2 37. Ra7 h4 38. Rxf7+ Kh6 39. f4 h3 40.
Bd5 h2 41. a4 Rd2 42. Bb7 Rd4 43. b3 Rb4 44. Rf8 Rxb7 45. Rh8+ Rh7 46. Rxh7+
Kxh7 47. b4 h1=Q+ 48. Kb2 Qe4 49. Kb3 Qxf4 50. b5 Qd4 51. c6 Qc5 0-1